Del mercado total al imperio totalitario
Guardado en:
| Autor principal: | |
|---|---|
| Autor Corporativo: | |
| Formato: | Libro |
| Lenguaje: | Spanish |
| Publicado: |
San José, Costa Rica
DEI
1986
|
| Materias: | |
| Etiquetas: |
Agregar Etiqueta
Sin Etiquetas, Sea el primero en etiquetar este registro!
|
MARC
| LEADER | 00000nam a22000007a 4500 | ||
|---|---|---|---|
| 003 | cru CIDCACS/IIS | ||
| 005 | 20240719062559.0 | ||
| 008 | 180911b1986 cr ||||| |||| 00| 0 spa d | ||
| 999 | |c 41668 |d 41668 | ||
| 040 | |c cru CIDCACS/IIS | ||
| 090 | |a REV0750 (5) 1986 | ||
| 100 | 1 | |a Hinkelammert, Franz J. |9 4235 | |
| 110 | 2 | |9 7636 |a Departamento Ecuménico de Investigaciones (DEI) | |
| 245 | 1 | 4 | |a Del mercado total al imperio totalitario |c Franz Hinkelammert |
| 260 | |a San José, Costa Rica |b DEI |c 1986 | ||
| 300 | |a 9-19 páginas | ||
| 650 | 1 | 0 | |9 129 |a NEOLIBERALISMO |
| 650 | 1 | 4 | |9 3250 |a MERCADO |
| 650 | 1 | 0 | |9 6343 |a CRISIS ECONOMICA |
| 650 | 1 | 0 | |9 284 |a POBREZA |
| 650 | 1 | 0 | |9 64 |a CAPITALISMO |
| 650 | 1 | 4 | |9 1844 |a DESEMPLEO |
| 650 | 1 | 0 | |a UTOPIA |9 4604 |
| 650 | 1 | 0 | |9 845 |a TERRORISMO |
| 651 | 1 | 0 | |9 17 |a AMERICA LATINA |
| 651 | 1 | 0 | |9 245 |a ESTADOS UNIDOS |
| 651 | 1 | 0 | |9 1861 |a NICARAGUA |
| 773 | 0 | |0 41641 |9 2234 |a Departamento Ecuménico de Investigaciones (DEI) |d San José, Costa Rica Departamento Ecuménico de Investigaciones (DEI) |o 20026 |t Pasos / | |
| 942 | |2 ddc |c PP | ||
